Sānghaṛ : (Record no. 329679)

000 -LEADER
fixed length control field 00698cam a22002177a 4500
001 - CONTROL NUMBER
control field 986833
003 - CONTROL NUMBER IDENTIFIER
control field NUST
005 - DATE AND TIME OF LATEST TRANSACTION
control field 20170614102921.0
008 - FIXED-LENGTH DATA ELEMENTS--GENERAL INFORMATION
fixed length control field 940308s1985 pk 000 0 snd
010 ## - LIBRARY OF CONGRESS CONTROL NUMBER
LC control number 85931075
040 ## - CATALOGING SOURCE
Original cataloging agency DLC
Transcribing agency DLC
Modifying agency DLC
050 00 - LIBRARY OF CONGRESS CALL NUMBER
Classification number MLCSA 92/02696 (P)
082 ## - DEWEY DECIMAL CLASSIFICATION NUMBER
Classification number 891.4393
Author Mark DIP
100 1# - MAIN ENTRY--PERSONAL NAME
Personal name D̤īplāʾī, Muḥammadu ʻUs̲mānu,
Dates associated with a name 1908-1981.
9 (RLIN) 1006
245 10 - TITLE STATEMENT
Title Sānghaṛ :
Remainder of title nāvil /
Statement of responsibility, etc. Muḥammadu Us̲mānu D̤īplāʾī.
250 ## - EDITION STATEMENT
Edition statement Chāpo 2.
260 ## - PUBLICATION, DISTRIBUTION, ETC.
Place of publication, distribution, etc. Ḥaidarābād :
Name of publisher, distributor, etc. Āgam Pablishing Ejansī,
Date of publication, distribution, etc. 1985.
300 ## - PHYSICAL DESCRIPTION
Extent 272 p. :
Dimensions 21 cm.
500 ## - GENERAL NOTE
General note In Urdu.
650 ## - SUBJECT ADDED ENTRY--TOPICAL TERM
Topical term or geographic name entry element Urdu Literature
9 (RLIN) 347
880 ## - ALTERNATE GRAPHIC REPRESENTATION
Linkage 100-01\(3\r
Title محمد عثمان ڈیپلایٗ
880 ## - ALTERNATE GRAPHIC REPRESENTATION
Linkage 245-02\(3\r
Title (سانگھڑ (ناول
c محمد عثمان ڈیپلایٗ، ترجمہ ثریا سوزڈیپلایٗ
880 ## - ALTERNATE GRAPHIC REPRESENTATION
Linkage 260-03\(3\r
Title لاہور:
b فکشن ہاوس،
c 2002
906 ## - LOCAL DATA ELEMENT F, LDF (RLIN)
a 7
b cbc
c orignew
d u
e ncip
f 19
g y-gencatlg
942 ## - ADDED ENTRY ELEMENTS (KOHA)
Source of classification or shelving scheme
Koha item type Book
Holdings
Withdrawn status Lost status Source of classification or shelving scheme Damaged status Not for loan Permanent Location Current Location Shelving location Date acquired Total Checkouts Full call number Barcode Date last seen Copy number Price effective from Koha item type
          Central Library (CL) Central Library (CL) Fiction 05/18/2017   891.4393 DIP CL1926 05/18/2017 1 05/18/2017 Book
© 2023 Central Library, National University of Sciences and Technology. All Rights Reserved.